00280 2200133 4500001002100000005001500021035002000036245001600056300000700072260003500079082000800114084001200122990001200134INLIS00000000000227120250527025905 a0010-0525000563 aRedakton D. a21 bPusat Kebudayaan Jerman,c2009 a430 a430 RED a0713346